Normal view
MARC view
Entry Personal Name
001 - CONTROL NUMBER
- control field: 76538
003 - CONTROL NUMBER IDENTIFIER
- control field: dpl
005 - DATE AND TIME OF LATEST TRANSACTION
- control field: 20250114124127.0
008 - FIXED-LENGTH DATA ELEMENTS
- fixed length control field: 250114|| aca||aabn | a|a d
040 ## - CATALOGING SOURCE
- Original cataloging agency: dpl
- Transcribing agency: dpl
100 ## - HEADING--PERSONAL NAME
- Personal name: Wadje, Ashok P
670 ## - SOURCE DATA FOUND
- Source citation: Work cat.: (dpl)208468: Lakshminath, A 76537, The Contours of Personal Law: Religious Practices, Family Law and Uniform Civil Code/, 2024
